Online katalóg knižníc regiónu Turca

Zlatý kľúčik (Record no. 21436)

MARC details
000 -LEADER
fixed length control field 01989cam a2200529 a 4500
001 - CONTROL NUMBER
control field 21436
003 - CONTROL NUMBER IDENTIFIER
control field VRT
005 - DATE AND TIME OF LATEST TRANSACTION
control field 20260302110816.0
008 - FIXED-LENGTH DATA ELEMENTS--GENERAL INFORMATION
fixed length control field 240318s2013 xo a b 000 j slo
015 ## - NATIONAL BIBLIOGRAPHY NUMBER
National bibliography number SNBA2013/08
020 ## - INTERNATIONAL STANDARD BOOK NUMBER
International Standard Book Number 9788081420870
Qualifying information (viaz.)
035 ## - SYSTEM CONTROL NUMBER
System control number 42164EB0-D76D-42AB-A5C3-7261B3ACA719
035 ## - SYSTEM CONTROL NUMBER
System control number urn:nbn:sk:snk-amjypp
035 ## - SYSTEM CONTROL NUMBER
System control number urn:nbn:sk:snk-am0080a7
039 #9 - LEVEL OF BIBLIOGRAPHIC CONTROL AND CODING DETAIL [OBSOLETE]
Level of rules in bibliographic description 202505262041
Level of effort used to assign nonsubject heading access points AUTHORITY
Level of effort used to assign subject headings 202403181617
Level of effort used to assign classification VLOAD
Level of effort used to assign subject headings 202312041830
Level of effort used to assign classification AUTHORITY
Level of effort used to assign subject headings 202312041826
Level of effort used to assign classification AUTHORITY
040 ## - CATALOGING SOURCE
Original cataloging agency SVKBB
Language of cataloging slo
Transcribing agency SVKBB
Modifying agency SNK
Description conventions AACR2
041 1# - LANGUAGE CODE
Language code of text/sound track or separate title slo
Language code of original eng
044 ## - COUNTRY OF PUBLISHING/PRODUCING ENTITY CODE
MARC country code xo
ISO country code SK
072 #7 - SUBJECT CATEGORY CODE
Subject category code 821-93
Subject category code subdivision Literatúra pre deti a mládež (beletria)
Source konspekt
080 ## - UNIVERSAL DECIMAL CLASSIFICATION NUMBER
Universal Decimal Classification number 821-93
Edition identifier 2001
080 ## - UNIVERSAL DECIMAL CLASSIFICATION NUMBER
Universal Decimal Classification number (0:82-34)
Edition identifier 2001
100 1# - MAIN ENTRY--PERSONAL NAME
Personal name Maletić, Gordana,
Dates associated with a name 1952-
Relationship aut
240 10 - UNIFORM TITLE
Uniform title Golden Key
Language of a work Slovensky
245 10 - TITLE STATEMENT
Title Zlatý kľúčik
Statement of responsibility, etc. podľa rozprávky Alexeja Nikolajeviča Tolstého prerozprávala Gordana Maletićová ; ilustrácie Ana Grigorjevová ; [preložila Zuzana Kamenská]
250 ## - EDITION STATEMENT
Edition statement [1. vyd.]
260 ## - PUBLICATION, DISTRIBUTION, ETC.
Place of publication, distribution, etc. Bratislava
Name of publisher, distributor, etc. Fortuna Libri
Date of publication, distribution, etc. 2013
300 ## - PHYSICAL DESCRIPTION
Extent [63] s.
Other physical details ilustr.
Dimensions 27 cm
490 1# - SERIES STATEMENT
Series statement Fortuna Junior
500 ## - GENERAL NOTE
General note Preložené z angličtiny
655 #7 - INDEX TERM--GENRE/FORM
Genre/form data or focus term rozprávky
Source of term SNKPH
655 #7 - INDEX TERM--GENRE/FORM
Genre/form data or focus term Fairy tales
Source of term SNKPHeng
655 #7 - INDEX TERM--GENRE/FORM
Genre/form data or focus term Children's literature
Source of term SNKPHeng
655 #7 - INDEX TERM--GENRE/FORM
Genre/form data or focus term publikácie pre deti
Source of term SNKPH
700 1# - ADDED ENTRY--PERSONAL NAME
Personal name Grigorjev, Ana
Relationship ill
700 1# - ADDED ENTRY--PERSONAL NAME
Personal name Trstenská, Zuzana,
Dates associated with a name 1982-
Relationship trl
700 1# - ADDED ENTRY--PERSONAL NAME
Personal name Tolstoj, Aleksej Nikolajevič,
Dates associated with a name 1883-1945
Relationship aut
830 #0 - SERIES ADDED ENTRY--UNIFORM TITLE
Uniform title Fortuna Junior
910 ## - USER-OPTION DATA (OCLC)
User-option data pppk
942 ## - ADDED ENTRY ELEMENTS (KOHA)
Source of classification or shelving scheme Dewey Decimal Classification
Koha item type Krásna literatúra pre deti
Suppress in OPAC No
949 ## - LOCAL PROCESSING INFORMATION (OCLC)
6 3869A13503
a bpksh821-93
b bpksh63283
949 ## - LOCAL PROCESSING INFORMATION (OCLC)
6 273K0567931
a svkpoC 54073
b svkpo569717
949 ## - LOCAL PROCESSING INFORMATION (OCLC)
6 270001000415681
a svkbbC 57821
b svkbbm 736832
949 ## - LOCAL PROCESSING INFORMATION (OCLC)
6 17A1074456
a snkSB 85348
b snk2013/17444
o 1682/13
s 6100:20140925
949 ## - LOCAL PROCESSING INFORMATION (OCLC)
6 17A1074455
a snkSB 85348 D1
b snk2013/17445
o 1682/13
949 ## - LOCAL PROCESSING INFORMATION (OCLC)
6 4710710287
a strmkM
b strmk2013/10287
Holdings
Stav vyradenia Strata Poškodenie Spôsob nadobudnutia Domovská knižnica Aktuálna knižnica Dátum nadobudnutia Total checkouts Čiarový kód exemplára Date last seen Typ exemplára
      Dar Obecná knižnica Turčianska Štiavnička Obecná knižnica Turčianska Štiavnička 02.03.2026   4738000127 02.03.2026 Krásna literatúra pre deti
Projekt je podporený Slovenskou asociáciou knižníc
Prevádzkuje Turčianska knižnica Martin 2026